Capitals of Countries 243 to 250 - Statistics

General Stats
  • This quiz has been taken 79 times
  • The average score is 4 of 8
Answer Stats
country capital % Correct
Catalonia Barcelona
93%
Northern Cyprus North Nicosia
68%
Transnistria Tiraspol
49%
Kurdistan Diyarbakır or Erbil
46%
Somaliland Hargeisa
45%
Abkhazia Sukhumi
25%
Nagorno-Karabakh Stepanakert
20%
South Ossetia Tskhinvali
20%
No matching quizzes found
Score Distribution
Percent of People with Each Score
Percentile by Number Answered
Your Score History
You have not taken this quiz